| 000 | 00670 a2200181 4500 | ||
|---|---|---|---|
| 001 | 134334 | ||
| 020 | _a85-99386-02-6 | ||
| 040 | _cLeonardo Da Vinci | ||
| 041 | _aPortuguês | ||
| 082 |
_a351.981 S655g _bS655g |
||
| 100 | _aSOARES, Luiz Antonio Alves | ||
| 245 |
_aGuerreiro Ramos _bconsiderações críticas a respeito da sociedade centrada no mercado |
||
| 260 |
_bConselho Regional de Administração _c2005 _aRio de Janeiro |
||
| 300 | _a126 | ||
| 362 | _a20050000 | ||
| 697 |
_aAdministração pública _aGuerreiro Ramos _aEconomia de mercado _aCrise econômica _aEconomia política _aConjuntura política brasileira _aGoverno Reagan _aFIPEN _aBrasil |
||
| 942 | _cBK | ||
| 999 |
_c134334 _d134334 |
||